<?xml version="1.0" encoding="UTF-8"?>
<collection xmlns:xsi="http://www.w3.org/2001/XMLSchema-instance" xsi:schemaLocation="http://www.loc.gov/MARC21/slim http://www.loc.gov/standards/marcxml/schema/MARC21slim.xsd" xmlns="http://www.loc.gov/MARC21/slim">
 <record>
  <leader>00000cam a22000003i 4500</leader>
  <controlfield tag="001">UP-1685594773861513061</controlfield>
  <controlfield tag="003">Buklod</controlfield>
  <controlfield tag="005">20080124130501.0</controlfield>
  <controlfield tag="006">j|||||||||||||| | </controlfield>
  <controlfield tag="007">ta</controlfield>
  <controlfield tag="008">211005s1992    nyu     rb   |||1 u|eng d</controlfield>
  <datafield tag="035" ind1=" " ind2=" ">
   <subfield code="a">(iLib)UPBAG-00001578420</subfield>
  </datafield>
  <datafield tag="037" ind1=" " ind2=" ">
   <subfield code="a">BC-30096</subfield>
   <subfield code="c">Php20.00</subfield>
  </datafield>
  <datafield tag="040" ind1=" " ind2=" ">
   <subfield code="a">OLC</subfield>
   <subfield code="d">BAG</subfield>
   <subfield code="e">rda</subfield>
  </datafield>
  <datafield tag="041" ind1="0" ind2=" ">
   <subfield code="a">eng</subfield>
  </datafield>
  <datafield tag="090" ind1=" " ind2="0">
   <subfield code="a">E 169.04</subfield>
   <subfield code="b">G75</subfield>
  </datafield>
  <datafield tag="100" ind1="1" ind2=" ">
   <subfield code="a">Grossberg, Lawrence</subfield>
   <subfield code="e">author.</subfield>
  </datafield>
  <datafield tag="245" ind1="1" ind2="0">
   <subfield code="a">We gotta get out of this place</subfield>
   <subfield code="b">popular conservatism and postmodern culture</subfield>
   <subfield code="c">Lawrence Grossberg.</subfield>
  </datafield>
  <datafield tag="264" ind1=" " ind2="1">
   <subfield code="a">New York</subfield>
   <subfield code="b">Routledge</subfield>
   <subfield code="c">[1992]</subfield>
  </datafield>
  <datafield tag="300" ind1=" " ind2=" ">
   <subfield code="a">viii, 436 pages</subfield>
   <subfield code="c">23 cm</subfield>
  </datafield>
  <datafield tag="504" ind1=" " ind2=" ">
   <subfield code="a">Includes bibliographical references (pages 401-430) and index.</subfield>
  </datafield>
  <datafield tag="505" ind1="0" ind2=" ">
   <subfield code="a">Introduction : Theory, Politics and Passion -- Cultural Studies : Theory, Power and the Popular. Articulation and culture ; Mapping popular culture ; Power and daily life ; Articulation and agency -- Another Boring Day In ... Paradise: A Rock Formation. Rock cultures and rock formations ; Rock, the liberal consensus and everyday ; Rock and youth ; Rock, postmodernity and authenticity -- &quot;Where the Streets Have No Names&quot; : Hegemony and Territorialization. Nation, hegemony and culture ; Hegemony and the postmodern frontier ; Ideology and affective epidemics ; Disciplined mobilization of everyday life -- &quot;Real Power Doesn't Make Any Noise&quot; : Capitalism and the Left. Life during wartime ; &quot;If you're sailing on the Titanic, go first class&quot; : the struggle over capitalism ; &quot;You can't always get what you want&quot; : the struggle over the left.</subfield>
  </datafield>
  <datafield tag="520" ind1=" " ind2=" ">
   <subfield code="a">Consider this parodox: for many people, rock is dead, crushed by the weight of its own success and popularity, little more than a major voice of mainstream commercial entertainment. But for many others, especially among the new conservative Right, rock poses a greater threat now than ever before. What is it about rock that makes it so important in contemporary political struggles? Bringing together cultural, political, and economic analyses, Lawrence Grossberg offers an original and bold interpretation of the contemporary politics of both rock and popular culture in the United States. We Gotta Get Out of This Place explores four histories: the changing role of rock in everyday life; the emergence of an affective and popular conservatism; the crisis of contemporary capitalism; and the apparent inability of the Left to respond to these changes. These critical developments are bound together by their concern with postmodernity, understood as both a structure of everyday life and as a sensibility of popular culture. Everyone wants to get out of this place, but only the Right seems to have found a way to benefit from where we are.</subfield>
  </datafield>
  <datafield tag="650" ind1=" " ind2="0">
   <subfield code="a">Popular culture</subfield>
   <subfield code="x">Political aspects</subfield>
   <subfield code="z">United States.</subfield>
  </datafield>
  <datafield tag="650" ind1=" " ind2="0">
   <subfield code="a">Rock music</subfield>
   <subfield code="x">Political aspects</subfield>
   <subfield code="x">United States.</subfield>
  </datafield>
  <datafield tag="650" ind1=" " ind2="0">
   <subfield code="a">Popular culture</subfield>
   <subfield code="z">United States</subfield>
   <subfield code="x">History</subfield>
   <subfield code="y">20th century.</subfield>
  </datafield>
  <datafield tag="650" ind1=" " ind2="0">
   <subfield code="a">Politics and culture</subfield>
   <subfield code="z">United States</subfield>
   <subfield code="x">History</subfield>
   <subfield code="y">20th century.</subfield>
  </datafield>
  <datafield tag="650" ind1=" " ind2="0">
   <subfield code="a">Conservatism</subfield>
   <subfield code="z">United States</subfield>
   <subfield code="x">History</subfield>
   <subfield code="y">20th century.</subfield>
  </datafield>
  <datafield tag="650" ind1=" " ind2="0">
   <subfield code="a">Rock music</subfield>
   <subfield code="z">United States</subfield>
   <subfield code="y">1981-1990</subfield>
   <subfield code="x">History and criticism.</subfield>
  </datafield>
  <datafield tag="905" ind1=" " ind2=" ">
   <subfield code="a">FO</subfield>
  </datafield>
  <datafield tag="852" ind1="0" ind2=" ">
   <subfield code="a">UPBAG</subfield>
   <subfield code="b">UPBAG-MAIN</subfield>
   <subfield code="h">E 169.04 G75</subfield>
  </datafield>
  <datafield tag="942" ind1=" " ind2=" ">
   <subfield code="a">Book</subfield>
  </datafield>
 </record>
</collection>
